000 00947nam2a22002531 4500
001 RU\NLR\INFOCOMM4\1000588214
005 20250617141054.0
035 _a(NLR Aleph) 002653834
090 _a3895052
_c3895052
100 _a20040621d1914 |||y0rusy50 ca
101 0 _arus
102 _aRU
105 _ay |||||||||
200 1 _aПочему Максим Кулага бросил пить
_fЕ. В. Матвеева
210 _d1914
_aБ. м.
461 0 _1001RU\NLR\INFOCOMM4\1000588167
_12001#$aОтрезвление$eЕженед. нар. журнал$v№12, Вып.47
_93894650
_cСПб.
_d1914
_nС. А. Володимеров и М. Л. Плетнев
_oЕженед. нар. журнал
_tОтрезвление
_v№12, Вып.47
700 1 _aМатвеева
_bЕ. В.
_4070
801 1 _aRU
_bInfoComm
_c20040621
801 0 _aRU
_bNLR
_gPSBO
852 _aNLR
_j3/2123
942 _cISSUE
980 _aNB
980 _aRUSPER